[Event "EYCC Open U14 2021"]
[Site "Tornelo"]
[Date "2021.10.15"]
[Round "6.10"]
[White "von Mettenheim, Johannes"]
[Black "Lavrencic, Matic"]
[Result "1/2-1/2"]
[WhiteElo "2062"]
[BlackElo "2149"]
[Annotator "TA"]
[PlyCount "89"]
[EventDate "2021.10.15"]
[EventType "swiss"]
[EventCountry "NET"]
[SourceTitle "playchess.com"]
[Source "ChessBase"]
[SourceQuality "1"]

{[%evp 11,89,0,12,7,12,2,10,0,0,-3,4,-14,-15,-8,-6,-6,0,-14,0,0,49,0,0,0,0,0,0,-106,-20,-49,-26,-28,-11,-45,-40,-39,0,-10,-14,-37,0,0,0,0,0,-35,-43,-36,-35,-38,-27,-30,-21,-21,-21,-30,0,0,41,6,13,0,0,0,0,0,0,0,0,0,0,0,0,0,0,0,0,0,0,0]} 1. d4 Nf6 2. c4 e6 3. Nf3 d5 4. g3 dxc4 5. Bg2 c6 6. O-O b5 7. a4 {E04: Open Catalan: 5 Nf3.} Bb7 8. Ne5 a6 9. b3 cxb3 10. Bb2 Nbd7 11. Bxc6 {11.Nxc6 is the modern continuation.} Bxc6 12. Nxc6 Qb6 13. axb5 Qxb5 14. Na5 Rb8 15. Nc3 {[#]} Qb6 $146 ({Predecessor:} 15... Qh5 16. f3 Bb4 17. Nxb3 O-O 18. Rb1 Rfc8 19. Qd3 Bxc3 20. Bxc3 Qb5 21. Qxb5 Rxb5 {0-1 (63) Orlinkov,M (2377)-Sveshnikov,E (2504) Moscow 2007}) 16. Qd3 {[%mdl 1024] White has compensation.} Bb4 17. Nc4 Qc6 18. Rfc1 O-O 19. Ne5 (19. Nd1 $11 {keeps the balance.}) 19... Qb7 ({Black should try} 19... Nxe5 $17 20. dxe5 {[#]} Rfd8 $1 21. Qxa6 Qxa6 22. Rxa6 Rd2 $1) 20. Nxd7 Qxd7 21. Rxa6 Rfc8 22. Nd1 {[%cal Bc3d1,Bd1e3,Be3c4,Bc4e5][%mdl 32]} Rxc1 23. Bxc1 Qb7 24. Ra1 Bd6 25. Rb1 h6 26. Ne3 Bc7 27. Nc4 Qe4 28. Rxb3 Rxb3 29. Qxb3 Qxe2 {...Qe1+ is the strong threat.} 30. Be3 h5 31. Ne5 Nd5 32. Qd3 Qe1+ 33. Kg2 h4 34. Nf3 h3+ 35. Kxh3 Qh1 {The position is equal.} 36. Ng5 Nxe3 37. fxe3 {aiming for Qb5.} Bxg3 $1 38. Qh7+ {[%mdl 64] Zwischenzug} Kf8 39. Kxg3 Qg1+ 40. Kf4 {Black must now prevent Nf3.} Qf2+ 41. Kg4 {Strongly threatening Qh3.} Qg2+ 42. Kf4 Qf2+ 43. Kg4 {Hoping for Qh3.} Qg2+ 44. Kh4 {And now Qh8+ would win.} Qf2+ 45. Kg4 {Weighted Error Value: White=0.12/Black=0.11} 1/2-1/2

[Event "EYCC Open U14 2021"]
[Site "Tornelo"]
[Date "2021.10.15"]
[Round "6.11"]
[White "Macias Pino, Diego"]
[Black "Gudmundsson, Gunnar Erik"]
[Result "1-0"]
[WhiteElo "2365"]
[BlackElo "1830"]
[Annotator "TA"]
[PlyCount "109"]
[EventDate "2021.10.15"]
[EventType "swiss"]
[EventCountry "NET"]
[SourceTitle "playchess.com"]
[Source "ChessBase"]
[SourceQuality "1"]

{[%evp 22,109,18,13,10,16,18,15,-6,0,0,0,0,0,0,1,9,35,87,87,87,87,92,91,83,83,83,83,83,94,86,87,85,85,81,70,62,59,46,36,26,0,0,0,13,14,12,0,0,-4,-4,-11,-3,-5,0,-8,-12,-8,0,-29,-8,-87,0,0,649,639,690,690,2572,686,29985,29986,29986,29982,29980,29981,29981,29982,29981,29982,29992,29992,29994,29995,29996,29997,29997,29997,29998,29998]} 1. e4 c5 2. g3 Nc6 3. Bg2 d6 4. Ne2 g6 5. O-O Bg7 6. c3 e5 7. d3 Nge7 8. Be3 O-O 9. d4 cxd4 10. cxd4 d5 11. Nbc3 exd4 12. Nxd4 {[%cal Rc3d5]} dxe4 {[%cal Rc6d4] B20: Sicilian: Unusual White 2nd moves.} 13. Nxc6 Nxc6 14. Bc5 Re8 {The position is equal.} 15. Nxe4 {[#]} Bxb2 $146 ({Predecessor:} 15... Qa5 16. Qe1 Bf5 17. Qxa5 Nxa5 18. Nd6 Re2 19. Rae1 Rxb2 20. Bd5 Be6 21. Rxe6 fxe6 22. Bxe6+ {1-0 (45) Pachman,L-Vasiukov,E Gotha 1957}) 16. Rb1 Bd4 17. Bxd4 Nxd4 18. Rb4 Nc6 {[#]} 19. Qa1 $1 $36 {[%mdl 2048] White has good play.} Nxb4 (19... Re5 $14) 20. Nf6+ $16 {[%mdl 64] Double Attack} Kf8 {...Re6 is the strong threat.} 21. Nxh7+ Kg8 22. Nf6+ {[%mdl 64] Double Attack} Kf8 23. Nxe8 Qxe8 24. Qh8+ Ke7 25. Re1+ Be6 26. Qh4+ {[%mdl 64] Double Attack} Kf8 {White must now prevent ...Nc6.} 27. Qxb4+ {[%mdl 64] Double Attack} Qe7 28. Qd4 {[%cal Rd4h8]} (28. Qxb7 $6 Qxb7 29. Bxb7 Rb8 $11) 28... Kg8 29. h4 Qd8 30. Qe3 (30. Qe5 {keeps more tension.} Rc8 31. Bxb7 Rc2 32. Be4 Rxa2 33. Bxg6 Qd2 34. Rf1) 30... Qa5 31. a3 Rc8 32. Rd1 Rc3 33. Qf4 Qc7 {White should prevent ...Qxf4.} 34. Qg5 Rc5 35. Qe3 b6 36. Rd4 Kh7 37. Kh2 Rc3 38. Qd2 Rc2 39. Qe3 Rc3 40. Qe4 Qc5 ({Reject} 40... Rxa3 $6 41. h5 $16) 41. Rd8 {[#]} (41. a4 $11 {remains equal.}) 41... Rxa3 ({Wrong is} 41... Qxf2 $2 42. Qe5 $18) ({Black should try} 41... Rc2 $1 $17 42. f4 Qf5 43. Qxf5 Bxf5) 42. Qf4 $11 {White threatens Qf6 and mate.} Qe7 {[%mdl 8192] [#]} (42... Kg7 $11) 43. Qd4 $1 $18 {[%csl Gd4][%cal Rd8h8]} f6 44. Rb8 Kh6 45. Qf4+ (45. Rb7 $142 Qxb7 46. Bxb7) 45... g5 46. hxg5+ {White mates.} fxg5 47. Rh8+ Kg7 48. Qe5+ Qf6 {[#]} 49. Rh7+ $1 {[%mdl 576] Deflection} Kxh7 50. Qxf6 Ra5 51. Be4+ Kg8 52. Qxe6+ Kg7 53. Qe7+ Kg8 54. Bh7+ Kh8 55. Bg6 {[%csl Gg6][%cal Re7h7] Weighted Error Value: White=0.18/Black=0.37} 1-0

[Event "EYCC Open U14 2021"]
[Site "Tornelo"]
[Date "2021.10.15"]
[Round "6.12"]
[White "Makridis, Dimitrios"]
[Black "Ribeiro, Gustavo"]
[Result "1-0"]
[WhiteElo "2138"]
[BlackElo "1801"]
[Annotator "TA"]
[PlyCount "63"]
[EventDate "2021.10.15"]
[EventType "swiss"]
[EventCountry "NET"]
[SourceTitle "playchess.com"]
[Source "ChessBase"]
[SourceQuality "1"]

{[%evp 16,63,50,16,19,14,45,35,73,69,63,29,44,13,48,43,41,0,4,0,51,8,94,72,86,0,0,-24,63,61,112,112,198,201,569,569,569,566,583,571,569,575,573,555,576,574,580,572,560,482]} 1. e4 e6 2. d4 d5 3. Nc3 Bb4 4. e5 c5 5. a3 Bxc3+ 6. bxc3 Qc7 7. Qg4 f5 8. Qg3 Ne7 9. Bd2 O-O {C18: French: 3 Nc3 Bb4: Main line: 7 h4 and 7 Qg4.} 10. Bd3 Bd7 11. Nf3 {[#]} c4 $146 {White is slightly better.} ({Predecessor:} 11... Nbc6 12. O-O Na5 13. h4 cxd4 14. cxd4 Nc4 15. Bb4 Rae8 16. h5 a5 17. h6 g6 {1-0 (56) Klimpel,T (2155)-Nottenkaemper,F Regensburg 1998}) 12. Be2 Ba4 13. Qh3 Qd7 14. Rc1 Ng6 15. Rg1 Qe7 ({Avoid the trap} 15... h6 $2 16. g4 $18) 16. g4 {gxf5 is the strong threat.} (16. Ng5 $5 {[%cal Rh3h7]} h6 17. Nf3 $11) 16... f4 17. g5 a5 (17... Na6 $11) 18. Qg4 Qf7 (18... Ra6 $11 {remains equal.}) 19. Bf1 Ne7 {[#]} 20. g6 (20. h4 $1 $16) 20... Qxg6 $11 21. Qh4 Qe4+ (21... Nf5 $11 22. Qxf4 Qe8) 22. Be2 $14 Ng6 {[#]} (22... Nbc6 $1 $14) 23. Qh5 $1 $16 {And now Ng5! would win.} Ne7 (23... Rf5 $16 {was worth a try.} 24. Ng5 Rxg5 25. Rxg5 f3 26. Qxf3 Bxc2) 24. Ng5 $1 $40 {[%csl LRe4,LRe6][%mdl 192] Double Attack. White wants a kill.} Be8 $2 ({Wrong is} 24... Qf5 $2 25. Bg4 $18) (24... Qg6) 25. Nxe4 {aiming for Nf6+.White is clearly winning.} Bxh5 26. Nf6+ $1 {[%mdl 64] Double Attack, Zwischenzug} Kh8 {White must now prevent ...Bxe2.} 27. Nxh5 Ng6 28. Bg4 Ra6 29. Rb1 Rf7 30. f3 Rc6 31. Bh3 b6 32. Rg4 {Weighted Error Value: White=0.14/Black=0.45} 1-0

[Event "EYCC Open U14 2021"]
[Site "Tornelo"]
[Date "2021.10.15"]
[Round "7.1"]
[White "Ponomarev, Vsevolod"]
[Black "Khubukshanov, Erdem"]
[Result "1/2-1/2"]
[WhiteElo "2135"]
[BlackElo "2373"]
[Annotator "TA"]
[PlyCount "103"]
[EventDate "2021.10.15"]
[EventType "swiss"]
[EventCountry "NET"]
[SourceTitle "playchess.com"]
[Source "ChessBase"]
[SourceQuality "1"]

{[%evp 17,103,42,49,33,48,55,36,0,6,14,20,0,0,15,45,0,0,0,0,0,0,3,42,50,38,0,13,0,0,0,8,0,0,0,0,-6,15,12,7,0,2,6,15,8,8,8,8,9,13,8,18,19,37,38,38,35,36,35,27,27,39,39,39,34,54,33,46,32,30,39,35,29,31,28,38,30,43,23,43,8,82,8,8,8,8,0,0,0]} 1. e4 c6 2. d4 d5 3. Nc3 dxe4 4. Nxe4 Nf6 5. Nxf6+ exf6 6. c3 Bd6 7. Bd3 O-O 8. Qc2 h6 9. Ne2 Qc7 10. h3 {B15: Caro-Kann: 3 Nc3: 3...g6 and 3...dxe4 4 Nxe4 Nf6 5 Nxf6+ exf6.} Re8 11. O-O c5 12. d5 {White is slightly better.} Nd7 13. c4 Ne5 {[#]} 14. Nc3 $146 ({Predecessor:} 14. Ng3 b6 15. a4 Bd7 16. Bh7+ Kh8 17. Be4 Re7 18. f4 Rae8 19. Kh1 Ng6 20. Bxg6 fxg6 21. Qxg6 {½-½ (70) Kochukova,A (2228)-Sakorenko,A (2089) Voronezh 2018}) 14... a6 15. Ne4 Bf8 16. f4 Nxd3 17. Qxd3 b5 18. b3 {[%cal Bb2b3,Bb3c4][%mdl 32]} Qe7 19. Ng3 bxc4 20. bxc4 a5 21. a4 f5 22. Bd2 ({Don't go for} 22. Nxf5 $2 Qf6 $19) 22... Bd7 23. Rfe1 ({Reject} 23. Nxf5 Qe2 $19) 23... Qf6 24. Bc3 Rxe1+ 25. Rxe1 Qg6 26. Kh2 Bxa4 27. Ra1 Bd7 28. Rxa5 Rxa5 29. Bxa5 Bd6 30. Qe3 Qf6 31. Bc3 Qe7 32. Qxe7 Bxe7 $11 {[%mdl 4096] Endgame KBB-KBN} 33. Be5 Bc8 34. Nf1 f6 35. Bc7 {Threatens to win with d6.} Kf7 36. Nd2 Ke8 37. Kg3 Kd7 38. Bb6 Ba6 39. Kf3 Bd6 40. Ke3 Kc8 41. g3 g5 42. Kd3 {Hoping for Nb3.} Kb7 43. Bd8 gxf4 44. gxf4 Bxf4 45. Nb3 Bd6 46. Bxf6 Kb6 47. Bd8+ Ka7 48. Na5 Bc8 {[#]} (48... Ka8 $11) 49. Nc6+ (49. Be7 $1 $16 Bxe7 (49... Bg3 50. Bxc5+) 50. Nc6+ {[%mdl 64] Double Attack} Kb6 51. Nxe7) 49... Kb7 {The position is equal.} 50. Be7 Kc7 51. Bxd6+ Kxd6 52. Ke3 {Weighted Error Value: White=0.09/Black=0.09} 1/2-1/2

[Event "EYCC Open U14 2021"]
[Site "Tornelo"]
[Date "2021.10.15"]
[Round "7.2"]
[White "Seemann, Jakub"]
[Black "Zakharov, Alexey O."]
[Result "1/2-1/2"]
[WhiteElo "2299"]
[BlackElo "1962"]
[Annotator "TA"]
[PlyCount "77"]
[EventDate "2021.10.15"]
[EventType "swiss"]
[EventCountry "NET"]
[SourceTitle "playchess.com"]
[Source "ChessBase"]
[SourceQuality "1"]

{[%evp 16,77,58,33,41,12,35,32,37,39,45,-12,-15,-17,-10,-12,0,0,14,-4,0,0,0,0,31,0,0,-8,40,7,11,19,45,27,209,214,201,68,66,56,84,81,138,149,162,80,101,8,52,10,77,0,0,0,0,0,0,0,0,-27,-38,-45,-3,-49]} 1. d4 Nf6 2. c4 g6 3. g3 Bg7 4. Bg2 d5 5. cxd5 Nxd5 6. e4 Nb6 7. Ne2 O-O 8. O-O e5 9. d5 f5 {D72: Fianchetto Grünfeld: 5 cxd5 Nxd5 6 e4 Nb6 (without Nf3).} 10. Nbc3 N8d7 11. exf5 gxf5 {[#] White is slightly better.} 12. a4 $146 ({Predecessor:} 12. f4 e4 13. Qb3 Nc5 14. Qb5 Nd3 15. Be3 c6 16. dxc6 bxc6 17. Qb3+ Kh8 18. Rad1 {1-0 (36) Kacheishvili,G (2550)-Szabo,Z (2435) Zagan 1997}) 12... Nc4 13. f4 ({White should play} 13. Qc2 $14) 13... e4 $11 14. b3 Nd6 15. Be3 b6 16. Nd4 Nc5 17. Kh1 Qf6 18. Ra2 {[%cal Ba1a2,Ba2d2,Bd2d4][%mdl 32]} Qf7 19. Rg1 Bb7 20. Rd2 Rad8 21. g4 Kh8 {White should prevent ...fxg4.} 22. gxf5 Nxf5 23. Nxf5 Qxf5 {[#]} 24. Rd4 $1 Rde8 $2 (24... Qd7 $1 $11) 25. b4 $18 Nd7 {[#]} 26. Nxe4 ({But not} 26. Bxe4 $6 Qf7 $16) (26. Rc4 $1 $18) 26... Nf6 $14 27. Nxf6 Rxe3 28. Nh5 Re7 ({Black should try} 28... Rg8) 29. Rd3 $16 Rd8 {[#]} 30. Qf3 (30. Rg3 $1 $18 {[%cal Rg3g5] is more deadly.} Bf6 31. Nxf6 Qxf6 32. Qc2) 30... Bc8 31. Ng3 (31. b5 $16) 31... Qf7 32. Rgd1 Bb7 (32... Qg6 $11) 33. Qf1 (33. Nh5 $16) 33... Red7 $11 34. d6 {Hoping for dxc7.} Bxg2+ 35. Qxg2 {Threatens to win with dxc7.} Rxd6 36. Rxd6 cxd6 37. Rf1 d5 38. f5 Bf6 39. Ne2 {Weighted Error Value: White=0.27/Black=0.26} 1/2-1/2

[Event "EYCC Open U14 2021"]
[Site "Tornelo"]
[Date "2021.10.15"]
[Round "7.3"]
[White "Klimkowski, Jan"]
[Black "Kanov, Nikola"]
[Result "1/2-1/2"]
[WhiteElo "2366"]
[BlackElo "2150"]
[Annotator "TA"]
[PlyCount "152"]
[EventDate "2021.10.15"]
[EventType "swiss"]
[EventCountry "NET"]
[SourceTitle "playchess.com"]
[Source "ChessBase"]
[SourceQuality "1"]

{[%evp 15,152,8,34,20,13,-55,13,0,37,23,89,82,83,63,76,31,60,53,54,62,60,58,70,58,74,97,87,100,89,29,308,285,447,83,88,0,458,436,444,56,90,25,68,41,76,82,594,567,788,303,232,144,133,0,0,44,81,34,33,0,100,59,45,47,125,44,70,38,162,176,199,186,293,273,177,142,241,86,384,144,147,102,95,43,87,54,961,65,641,0,951,834,2387,2098,1740,0,244,244,233,237,214,203,161,0,0,0,0,0,0,0,0,0,0,0,0,0,0,0,0,0,0,0,0,0,0,0,0,0,0,0,0,0,0,0,0,0,0,0,0]} 1. d4 d5 2. Nf3 Nf6 3. c4 dxc4 4. Qa4+ Nc6 5. Nc3 e6 6. e4 Bb4 7. Bg5 h6 8. Bxf6 Qxf6 9. Bxc4 {D39: Queen's Gambit Declined: Ragozin Defence with 5 Bg5 dxc4.} Bd7 10. Qd1 (10. Bb5 $11) 10... e5 {[#]} (10... g5 $1 $15) 11. Nxe5 $146 ({Predecessor:} 11. O-O Bxc3 12. bxc3 Bg4 13. d5 Bxf3 14. Qxf3 Qxf3 15. gxf3 Na5 16. Bb5+ Ke7 17. Rac1 {0-1 (54) Toth,L (2164)-Hryhorenko,N (2294) Budapest 2005}) 11... Nxe5 12. dxe5 Qg6 (12... Bxc3+ $11 13. bxc3 Qe7) 13. O-O $16 Bxc3 14. bxc3 O-O-O 15. Qf3 Be6 16. Bd5 c6 17. Bxe6+ Qxe6 18. Qe3 Kb8 19. f4 Qc4 20. Rfd1 Rxd1+ 21. Rxd1 Qxa2 {[%mdl 4096] Endgame KQR-KQR} 22. Qc5 ({Better is} 22. h3 $16) 22... Rc8 $2 {[%mdl 8192]} (22... Qb3 $11 {and Black is okay.} 23. Qd6+ Kc8) 23. Qd6+ $18 Rc7 (23... Ka8 $142 24. Qc7 Rb8) 24. Qf8+ $2 (24. f5 $1 $18 {is the precise move to win.}) 24... Rc8 $16 25. Qd6+ $40 {[%mdl 8320] White mounts an attack.} (25. Qxg7 $16 Qb3 26. Rf1) 25... Rc7 $1 $18 26. f5 $1 b6 27. h3 $2 (27. e6 $18 {e7 is the strong threat.} fxe6 28. fxe6) 27... Kb7 28. Kh2 (28. e6 $1 $16 {[%cal Re6e7] And now e7 would win.} Qe2 29. e5 fxe6 30. fxe6 Qe3+ 31. Kh1) 28... Qe2 29. Qd4 Qb5 30. f6 g6 {[%mdl 8192]} (30... gxf6 $16 {lives longer.} 31. exf6 a5) 31. c4 Qb4 32. Rd2 $2 (32. e6) 32... Qf8 33. Qd6 Qe8 34. g3 (34. Kg3 $16) 34... a5 $11 35. Kg2 Qc8 36. Qd4 (36. Rb2 {looks sharper.} Rd7 37. Qa3 c5 38. Qxa5 Qc6 39. Qb5) 36... Qe8 37. Kh2 (37. g4 {keeps more tension.} g5 38. Kg3 Kc8 39. Qd6 a4 40. Kf3) 37... Qc8 (37... Ka6 $11) 38. g4 Qe8 39. Kg3 Qc8 (39... g5 $14) 40. Kf3 (40. Rb2 $16 c5 41. Qd5+ (41. Qd6 Rc6 $14) 41... Ka6 42. Rd2 (42. Qd6 Rc6 $11)) 40... Qe8 41. Ke3 (41. Kf4 {with more complications.} g5+ 42. Ke3 Qf8 43. Qd6 Qe8 44. e6) 41... Qc8 ({Black should try} 41... g5 $1 $14) 42. Rb2 $18 c5 43. Qd5+ ({Not} 43. Qd6 Rc6 $11) 43... Ka7 (43... Ka6 {was necessary.} 44. e6 (44. Qd6 Rc6 $11) 44... fxe6) 44. Rd2 $1 Qe8 45. Kf4 Rb7 (45... Qa4 $16) 46. Rd3 $2 (46. e6 $1 $18 {[%cal Re6e7]} fxe6 47. Qd6) 46... Qc8 $2 {[%mdl 8192] [#]} (46... Qa4 $16 {keeps fighting.}) 47. Qd6 $2 (47. e6 $1 $18 {[%cal Re6e7] and the rest is easy. aiming for e7.} fxe6 48. Qd8 Qb8+ 49. Qxb8+ Rxb8 50. Ke5) 47... g5+ $16 48. Kf3 Qe8 49. Qd5 (49. Rd2 $16) 49... Qa4 50. Kg2 Qa1 $2 {[%mdl 8192]} (50... Qe8 $14) 51. Rd1 $2 (51. Rf3 $18 {Black must now prevent e6.} Qb2+ 52. Rf2) 51... Qc3 $2 {[%mdl 8192]} (51... Qa4 $14) 52. Rd3 Qa1 $1 53. Rf3 a4 54. e6 fxe6 55. Qxb7+ $2 Kxb7 $18 {KQ-KR} 56. f7 Qa2+ 57. Rf2 ({Stronger than} 57. Kg3 Qb1 $11) 57... Qxc4 58. f8=Q Qxe4+ {[#]} 59. Kf1 $2 (59. Qf3 $1 $18 {[%cal Rf3e4]} Qc6 60. Re2) 59... Qh1+ $11 {The position is equal.} 60. Ke2 Qe4+ 61. Kd1 Qb1+ 62. Kd2 Qb2+ 63. Ke3 Qe5+ 64. Kf3 a3 65. Qe7+ Ka6 66. Qd7 {Strongly threatening Qa4+.} Qf4+ 67. Ke2 Qe4+ 68. Kf1 Qh1+ 69. Ke2 Qe4+ 70. Kd1 Qb1+ 71. Kd2 {Intending Qa4+ and mate.} Qb2+ 72. Ke3 {White threatens Qa4+ and mate.} Qe5+ 73. Kf3 {Threatens to win with Qa4+.} Qf4+ 74. Kg2 Qe4+ 75. Kf1 Qh1+ 76. Ke2 {White wants to mate with Qa4+.} Qe4+ {Blacks defense is rewarded with a draw.  Weighted Error Value: White=0.96/Black=0.68} 1/2-1/2

[Event "EYCC Open U14 2021"]
[Site "Tornelo"]
[Date "2021.10.15"]
[Round "7.4"]
[White "Habans Aguerrea, Javier"]
[Black "Taspinar, Yanki"]
[Result "1/2-1/2"]
[WhiteElo "2308"]
[BlackElo "2147"]
[Annotator "TA"]
[PlyCount "96"]
[EventDate "2021.10.15"]
[EventType "swiss"]
[EventCountry "NET"]
[SourceTitle "playchess.com"]
[Source "ChessBase"]
[SourceQuality "1"]

{[%evp 23,96,33,34,31,30,27,38,32,33,29,85,25,20,0,14,4,59,68,66,60,56,62,52,24,11,6,29,28,45,40,48,50,54,52,60,0,0,0,116,0,0,-59,-44,-43,-21,-17,0,-20,0,0,0,0,0,0,0,0,0,0,0,0,0,0,0,0,0,-41,0,-52,-50,-64,0,0,0,-78,0]} 1. Nf3 d5 2. c4 e6 3. g3 Nf6 4. Bg2 Be7 5. d4 O-O 6. Qc2 c6 7. O-O b6 8. Nbd2 Nbd7 9. e4 Bb7 10. e5 Ne8 11. cxd5 cxd5 12. Re1 Rc8 13. Qd1 {E09: Closed Catalan: Main Line: 7 Qc2 c6 8 Nbd2.} Nb8 14. Nf1 Nc6 15. Ne3 {White is slightly better.} Ba6 16. a3 {[#]} b5 $146 (16... h6 $11 {keeps the balance.}) ({Predecessor:} 16... Na5 17. b3 Qc7 18. Bd2 Nc6 19. Qb1 Qd7 20. h4 Nc7 21. Bh3 Nb5 22. Nc2 h6 23. a4 {½-½ (23) Ipatov,A (2536)-Karakehajov,K (2493) Konya 2011}) 17. h4 (17. b4 $16) 17... b4 $11 18. h5 bxa3 19. bxa3 Na5 (19... h6 $11) 20. h6 $14 g6 21. Bd2 Nc4 22. Bb4 Nxe3 23. fxe3 (23. Rxe3 {looks sharper.} Bc4 24. Bxe7 Qxe7 25. Rb1 Nc7 26. Rb7) 23... Bc4 24. Qd2 Rb8 25. Rab1 {[#] aiming for Bxe7.} Bxb4 26. Rxb4 Rxb4 27. Qxb4 Bd3 28. Qb7 Be4 29. Rf1 ({White should try} 29. Qxa7 $14 Bxf3 30. Bxf3) 29... Bxf3 $11 30. Rxf3 a5 {[#]} (30... Qg5 $1 $11 {remains equal.}) 31. Bh3 ({White must play} 31. Bf1 $1 $16) 31... Qg5 32. Qa6 (32. Qd7 $11 Qxh6 33. Bxe6 fxe6 34. Qxe6+ Kh8 35. Qxd5) 32... Qxh6 $15 33. Kg2 Ng7 34. Qxa5 Rc8 35. Qd2 (35. Qa6 $5 {[%cal Ra6c8]} Rc2+ 36. Rf2 Rxf2+ 37. Kxf2 Qxh3 38. Qc8+ Ne8 39. Qxe8+ Kg7 40. Qd8 $15) 35... Qg5 36. a4 Qe7 37. a5 Qa3 38. e4 Qa4 {Hoping for ...Rc2.} 39. Rc3 Rxc3 40. Qxc3 {Black must now prevent exd5.} dxe4 41. Qc8+ Ne8 42. Bg4 Kf8 {Strongly threatening ...Qa2+.} 43. a6 Qxd4 {...Qb2+ is the strong threat.} 44. Qb7 Qd2+ ({Don't blunder} 44... Qxe5 $2 45. a7 $18) 45. Kf1 (45. Kh3 $11) 45... Qc1+ $1 46. Kg2 Qd2+ (46... Nc7 $15 47. a7 Qc2+ 48. Kf1 Qc1+ 49. Kf2 Qc5+ 50. Kf1 Kg7) 47. Kf1 $11 Qc1+ (47... h5 $11 48. Be2 Qc1+ 49. Kg2 Qe3) 48. Kg2 $17 Qd2+ {Weighted Error Value: White=0.17/Black=0.13} (48... Qc2+ $17 49. Kf1 Kg7) 1/2-1/2

[Event "EYCC Open U14 2021"]
[Site "Tornelo"]
[Date "2021.10.15"]
[Round "7.5"]
[White "Vergara Anton, Diego"]
[Black "Veselov, Yaroslav"]
[Result "1/2-1/2"]
[WhiteElo "2258"]
[BlackElo "1922"]
[Annotator "TA"]
[PlyCount "37"]
[EventDate "2021.10.15"]
[EventType "swiss"]
[EventCountry "NET"]
[SourceTitle "playchess.com"]
[Source "ChessBase"]
[SourceQuality "1"]

{[%evp 9,37,12,12,13,14,14,15,18,18,16,24,19,21,23,14,11,19,25,21,16,27,20,29,29,32,0,0,-42,-5,-49]} 1. d4 Nf6 2. Nf3 e6 3. g3 b5 4. e3 a6 5. a4 b4 6. c4 {A46: 1 d4 Nf6 2 Nf3 e6: Torre, London and Colle Systems.} Bb7 7. Bg2 Be7 8. O-O O-O 9. Nbd2 d6 10. b3 c5 11. Bb2 Qc7 12. Qe2 Nbd7 {[#]} 13. Ne1 $146 ({Predecessor:} 13. Rfd1 Rfe8 14. Qf1 Rac8 15. Rac1 Qb8 16. Ne1 d5 17. Nd3 cxd4 18. exd4 dxc4 19. bxc4 {½-½ (32) Berkes,F (2666)-Pap,M (2454) Subotica 2019}) 13... Bxg2 14. Kxg2 a5 15. Rc1 Qb7+ 16. Qf3 Qxf3+ 17. Ndxf3 Ne4 18. Rd1 Rad8 19. Nd2 {Weighted Error Value: White=0.06/Black=0.04} 1/2-1/2

[Event "EYCC Open U14 2021"]
[Site "Tornelo"]
[Date "2021.10.15"]
[Round "7.6"]
[White "Magalakis, Stefanos"]
[Black "Palczert, Matyas"]
[Result "1/2-1/2"]
[WhiteElo "2065"]
[BlackElo "2204"]
[Annotator "TA"]
[PlyCount "106"]
[EventDate "2021.10.15"]
[EventType "swiss"]
[EventCountry "NET"]
[SourceTitle "playchess.com"]
[Source "ChessBase"]
[SourceQuality "1"]

{[%evp 11,106,56,61,56,88,85,106,83,143,139,150,140,142,145,152,108,113,116,106,104,102,112,106,107,112,119,143,145,127,130,143,145,156,159,179,176,174,172,226,227,256,220,254,253,288,270,293,264,272,251,261,254,274,294,317,310,297,237,233,198,424,404,377,369,443,412,1358,1348,1233,1077,1773,1754,1735,1726,2121,1984,6070,5218,6070,5543,6070,6070,5352,5142,29981,5089,2061,0,0,0,0,0,0,0,0,0,0]} 1. d4 Nf6 2. Nf3 e6 3. Bg5 c5 4. e3 b6 5. d5 exd5 6. Nc3 Bb7 {[#]} 7. Nxd5 $1 {A46: 1 d4 Nf6 2 Nf3 e6: Torre, London and Colle Systems.} Bxd5 (7... Be7 8. Bc4) 8. Bxf6 Qxf6 9. Qxd5 {[#] White is better.} Qc6 $146 (9... Nc6 $142) ({Predecessor:} 9... Nc6 10. c3 Be7 11. Bc4 Rd8 12. O-O O-O 13. Rad1 Rfe8 14. a3 Bf8 15. Rd2 h6 {½-½ (48) Gasimov,R (2452)-Anisimov,P (2527) Chess.com INT 2020}) 10. Bc4 $16 Qxd5 11. Bxd5 Nc6 {[#]} 12. Ne5 $1 {[%mdl 576] Pin} Rc8 13. Bxf7+ Ke7 14. Nxc6+ dxc6 15. Bh5 g6 16. Bf3 Bg7 17. O-O-O c4 18. c3 Rhd8 19. Rxd8 Kxd8 {[%mdl 4096] Endgame KRB-KRB} 20. h4 Ke7 21. h5 b5 22. Be4 Kf7 23. hxg6+ hxg6 24. Rd1 Ke7 (24... Rc7 $142 25. Rd6 Bf6 26. Rxc6 Rxc6 27. Bxc6 a6) 25. Bxg6 $18 b4 26. Kc2 a5 27. Bf5 Rc7 28. Bg4 a4 29. Be2 a3 30. cxb4 axb2 31. Bxc4 Rb7 32. a3 Ra7 33. Kb3 Ra8 34. Ka2 Bc3 35. b5 c5 $2 (35... cxb5 36. Bxb5 Rd8) 36. Bd5 Rd8 37. e4 Be5 38. f4 Bd4 {[#]} (38... Bxf4 $142 39. Kxb2 Bc7) 39. Rxd4 $1 cxd4 40. Kxb2 {KR-KB} Rb8 41. a4 Kd6 42. Kc2 Kc5 43. f5 Rb6 44. Bc6 Rb8 45. e5 Rf8 46. f6 Kc4 47. e6 Rxf6 48. e7 d3+ {[#]} 49. Kd1 $2 (49. Kb2 $1 $18 Rf2+ 50. Ka3 (50. Kc1 {gets mated.} Kc3 51. Bf3 d2+ 52. Kd1 Rf1+ 53. Ke2 d1=Q+ {[%mdl 64] Double Attack} 54. Ke3 Qd4+ 55. Ke2 Qf2#)) 49... Rf1+ $11 {The position is equal.} 50. Kd2 Rf2+ 51. Kd1 Rf1+ 52. Kd2 Rf2+ 53. Kd1 Rf1+ {Weighted Error Value: White=0.10/Black=0.27} 1/2-1/2